=LDR 00000nam 2200000 4500 =001 INLIS000000000000059 =005 20150113143534.0 =006 =007 =008 Ind =035 ##$$0010-061300000000059 =041 ##$$a Ind =082 ##$$a 910.2 =090 ##$$a 910.2 Ram g =100 ##$$a Ramaini =245 ##$$a Geografi pariwisata, Belajar aktif / Ramaini =260 ##$$aJakarta$bGrasindo$c1992 =300 ##$$a ...Jil. : ilus. ; 25 cm =650 ##$$a Pariwisata,Industri =850 ##$$a NBPDMAT